000 01570njm a2200277Ia 4500
001 59850
003 IT-RoPAU
005 20220918181118.0
008 131025s9999 xx 000 0 und d
040 _aIT-RoPAU
040 _cIT-RoPAU
041 _aPOLACCO
999 _c99571
_d99571
999 _bSI
100 _aAA.VV.
_9794
100 _eAutore musica
_923072
100 _gCodice autore musica SPICS: 12000
_9796
245 _aEj, Sobotka Trubadurzy-Z Archiwum Polskiego Beatu vol. 13
250 _a1a ed.
260 _aPOLONIA
260 _bMUZA
_c1987 [1a Ed.:1969]
300 _aDISCO
500 _aMusica rock, pop. Musica polacca. Canzone polacca.
505 _aEj, Sobótka Sobótka (Written By J. Kondratowicz, R. Poznakowski) - Wśród Zielonych Olszyn (Written By J. Kondratowicz, R. Poznakowski) - Tobie I Mnie (Written By J. Kondratowicz, K. Krawczyk) - Dziewczyna I Pejzaż (Written By J. Kondratowicz, S. Kowalewski) - Po Co Ja Za Tobą Biegam (Written By J. Kleyny, R. Poznakowski) - Nie Chcemy Wspomnień (Written By R. Poznakowski, W. Patuszyński) - Dom Mego Dzieciństwa (Written By K. Krawczyk, M. Bellan) - Uśmiechajcie Się Dziewczęta (Written By R. Poznakowski, W. Patuszyński) - Nie Pytaj Mnie W Czyje Włosy Wepnę Gwiazdę (Written By J. Kondratowicz, R. Poznakowski) - Ballada O Dziewczynie (Written By M. Lichtman, M. Bellan) - Tatrzańska Zimowa Baśń (Written By M. Bellan, S. Kowalewski) - Inna Niż Wszystkie (Written By K. Winkler, M. Lichtman)
650 _aCANZONE POLACCA [DISCHI]
_eCodice MATERIA SPICS: 9950
_923073
942 _cMD
_2ddc